000 00895nas a2200289 4500
001 BR2011003320
003 BR-BrBNA
005 20231205115354.0
007 ta
008 230509b bl.|||p| |||| 00| 00por d
040 _aBR-BrBNA
_bpor
_cBiblioteca Nacional de Agricultura
041 _a(Pt)
072 _aM12; P10
100 1 _aRocha, N.M. da
100 1 _aSouza Júnior, J. de
100 1 _aFarias, W.R.L.
245 1 _aReutilização de água em um sistema integrado com camarões, sedimentação, ostras e macroalgas marinhas
650 _aAQUICULTURA
650 _aQUALIDADE DA ÁGUA
650 _aAMÔNIA
650 _aCAMARÃO
650 _aOSTRA
650 _aCARCINICULTURA
773 0 _tRevista Ciência Agronômica (Brazil)
_xISSN 0045-6888
_g(Oct-Dec 2008), v. 39(4) p. 540-547
_wBR2011003320
909 _a202311
_bLúcia
_c55
_dLúcia Elande
942 _2AGRIS
_n0
_cANA
999 _c213453
_d213453